Catálogo
 En Linea

Plan Nacional de Pastoral : (Registro nro. 30807)

Detalles MARC
000 -CABECERA
campo de control de longitud fija 00891nam a2200181 a 4500
001 - NÚMERO DE CONTROL
campo de control 000031315
005 - FECHA Y HORA DE LA ÚLTIMA TRANSACCIÓN
campo de control 20200930062838.0
008 - DATOS DE LONGITUD FIJA--INFORMACIÓN GENERAL
campo de control de longitud fija 110617s2000 dr 000 0 spa d
040 ## - FUENTE DE LA CATALOGACIÓN
Centro catalogador/agencia de origen DO-SdBNP
Lengua de catalogación spa
Centro/agencia transcriptor BNPHU
082 ## - NÚMERO DE LA CLASIFICACIÓN DECIMAL DEWEY
Número de clasificación xxxx
049 ## - FONDOS LOCALES (OCLC)
Fondos de biblioteca BNPD
110 2# - ENTRADA PRINCIPAL--NOMBRE DE ENTIDAD CORPORATIVA
Nombre de entidad corporativa o nombre de jurisdicción como elemento de entrada Iglesia Católica.
Unidad subordinada Plan Nacional de Pastoral.
Número del congreso/reunión o número de parte o sección (2do :
Fecha del congreso/reunión o de la firma de un tratado 2000, abr.- mar.
Sede del congreso/Lugar de la reunión Santo Domingo)
9 (RLIN) 57765
245 10 - MENCIÓN DE TÍTULO
Título Plan Nacional de Pastoral :
Resto del título Cuaresma 2000.
260 ## - PUBLICACIÓN, DISTRIBUCIÓN, ETC.
Lugar de publicación, distribución, etc. Santo Domingo :
Nombre del editor, distribuidor, etc. Instituto Nacional de Pastoral,
Fecha de publicación, distribución, etc. 2000.
300 ## - DESCRIPCIÓN FÍSICA
Extensión 127 p. ;
Dimensiones 22 cm.
500 ## - NOTA GENERAL
Nota general Año Santo 2000, encarnación, trinidad, eucaristía
505 0# - NOTA DE CONTENIDO CON FORMATO
Título 5 domingo de cuaresma --
-- 5 asambleas cuaresmales --
-- 5 adoraciones eucarísticas --
-- Retiro para grupos y comunidades --
-- Retiro para niños y adolescentes --
-- Los siete dolores de la virgen --
-- Adoración para jueves santo --
-- Peregrinación penitencial --
-- Acto penitencial --
-- Viacrucis
Existencias
Estado de retiro Estado de pérdida No para préstamo Código de colección Localización permanente Ubicación/localización actual Ubicación en estantería Fecha de adquisición Número de inventario Total de préstamos Signatura topográfica completa Código de barras Fecha visto por última vez Precio válido a partir de Tipo de ítem Koha
      Patrimonio Dominicano Patrimonio Dominicano Patrimonio Dominicano Orden iniciada 17.06.2011 LF1   xxxx 31315-10 25.06.2020 25.06.2020 Libro y Folleto Colección Patrimonio Dominicano

Con tecnología Koha